000 01209aam a2200325 i 4500
001 768714001
003 CO-MdFUSB
005 20210226150000.0
007 ta
008 210226t1951 -us ||| |||| 00| 0 eng d
020 _a[No incluye ISBN]
040 _bspa.
_aCO-MdFUSB
_cCO-MdFUSB
_dCO-MdFUSBC
_erda
041 _aeng
082 0 4 _223
_a232
_bC9678c
100 1 _aCullmann, Oscar
_eautor
245 1 0 _aChrist and time :
_bthe primitive christian conception of time and history
_c/ Oscar Cullmann ; traducido por Floyd V. Filson,
264 1 _aEstados Unidos :
_bSCM Press,
_c[1951]
264 4 _c© 1951
300 _a253 páginas
_c; 22 cm
336 _atexto
_btxt
_2rdacontent
337 _2rdamedia
_asin mediación
_bn
338 _2rdacarrier
_avolumen
_bnc
505 _aLa línea redentora continua - El carácter único del enfoque redentor - La historia redentora y el curso general de los acontecimientos mundiales - La historia redentiva y el hombre individual.
563 _aTapa dura
650 1 4 _aTEOLOGIA DOGMATICA \ IGLESIA - HISTORIA - FILOSOFIA \ SALVACION
700 _93767
_aFilson, Floyd V.
_etraductor
942 _cBK
945 _aJTF-925
999 _c34574
_d34574